000 00398nam a2200169Ia 4500
001 18130
003 IN-NITTTR
005 20251114233211.0
008 251113s9999||||xx |||||||||||||| ||eng||
040 _beng
040 _cIN-NITTTR
041 _aeng
082 _a620 H743I R
100 _aHolt, Knut
245 0 _aInnovation :
_b a challenge to the engineer. /
_cHolt, Knut
942 _2ddc
_cBK
999 _c20764
_d20764